=LDR 00000nam 2200000 4500 =001 INLIS000000000047147 =005 20221124085722 =035 ##$$a 0010-081500000000061 =008 221124###########################0###### =082 ##$$a 297.14 =090 ##$$a 297.14 ah a.4 =100 ##$$a ALI MUAKHIR =245 1#$$a apa itu halal =260 ##$$a bumi aksara group =300 ##$$a hln 31 =850 ##$$a NPBMAT =990 ##$$a 2090101490/BPAP-NTB/2015